L'espérance de vie dans les régions françaises (Homme) - Statistiques

Statistiques générales
  • Ce quiz a été pris 16 fois
  • Le résultat moyen est 15 sur 18
Statistiques - réponses
Classement Espérance de vie (Homme) Régions % Correct
2 81,6 ans Corse
93%
10 79,4 ans Grand Est
93%
1 82,0 ans Île-de-France
93%
5 80,6 ans Occitanie
93%
3 81,1 ans Auvergne-Rhône-Alpes
86%
9 79,6 ans Bretagne
86%
8 79,9 ans Centre-Val de Loire
86%
13 78,4 ans Hauts-de-France
86%
7 80,3 ans Nouvelle-Aquitaine
86%
15 78,1 ans Guadeloupe
79%
16 77,5 ans Martinique
79%
18 73,0 ans Mayotte
79%
6 80,4 ans Pays de la Loire
79%
4 80,8 ans Provence-Alpes-Côte d'Azur
79%
14 78,2 ans La Réunion
71%
12 78,9 ans Normandie
71%
11 79,0 ans Bourgogne-Franche-Comté
64%
17 77,1 ans Guyane
64%
Aucun quiz correspondant
Distribution des résultats
% des personnes avec chaque résultat
Percentile par nombre de réponses
Votre historique - résultats
Vous n’avez pas pris ce quiz